000 00435nam a2200157 i 4500
001 30776
003 ES-MaACL
005 20230906154243.0
007 t|
008 030127s1905 fr ||||1| fre d
100 1 _aBellessort, André.
_927200
245 1 3 _aLa Roumanie contemporaine /
_cAndré Bellessort.
260 _a[S.l. :
_bs.n.,
_c1905] (
_eTours :
_fDeslis Frères)
300 _a304 p. ;
_c19 cm.
852 _aES-MaACL
_jF-2997
999 _c30776
_d30776